| 000 | 00411 a2200169 4500 | ||
|---|---|---|---|
| 001 | 68229 | ||
| 020 | _a8585247029 | ||
| 040 | _cAnchieta - Pituba | ||
| 100 | _aShinyashiki, Roberto T. | ||
| 240 | 1 | 0 |
_aAmar pode dar certo _lpor |
| 245 | 1 | 0 | _aAmar pode dar certo |
| 300 | _a158 | ||
| 362 | 0 | _a1988 | |
| 440 | 1 | _aGente | |
| 650 | 4 | _aGuias para relacionamento familiar incluindo a terceira idade | |
| 942 | _cBK | ||
| 999 |
_c68229 _d68229 |
||